000 00362 a2200169 4500
001 184239
020 _a85-359-0547-2
040 _cMagnum
100 _aRey, Marcos
240 1 0 _aDiário de raquel
_lpor
245 1 0 _aDiário de raquel
300 _a149
362 0 _a2004
440 1 _aCompanhia das Letras
697 _aLITERATURA JUVENIL
942 _cBK
999 _c184239
_d184239